000 00812nam a2200241 a 4500
003 DO-SdBNP
005 20251209115804.0
007 ta
008 220412e2021 dr ac||er|||| 001 edspa d
020 _a9780578318868
040 _aDO-SdBNP
_bspa
_cBNPHU
082 4 _222
_bC117c
245 _aLa cara rota de la diáspora /
_cEsteban Cabrrera
260 _aSanto Domingo :
_bBúho,
_c2021
300 _a218 p :
_bil., retr. ;
_c23 cm.
500 _aIncluye datos biográficos del autor en las solapas de las cubierta.
590 _aInventariado 2022 / MF
650 0 _aElecciones
_xPrácticas corruptas
_988852
_zRepública Dominicana
650 0 _aCorrupción política
_zRepública Dominicana
_914317
650 0 _aPartidos políticos
_zRepública Dominicana
_93367
_y
910 _aMFeliz
942 _2ddc
_cLBS1
999 _c51526
_d51526